000 00932cam a2200301 a 4500
001 3481
003 BD-RjUL
005 20211208233734.0
008 131219s1980 caua b 001 0 eng
020 _a0804710082
035 _a(BD-RjUL)3515
040 _aDLC
_cDLC
_dBD-RjUL
_beng
041 _aeng
082 0 0 _a333.790951
_219
_bWOI 1980
100 1 _aWoodard, Kim.
_910958
245 1 4 _aThe international energy relations of China /
_cKim Woodard.
260 _aStanford, Calif. :
_bStanford University Press,
_c1980.
300 _axxi, 717 p. :
_bill. ;
_c25 cm.
500 _aIncludes index.
504 _aBibliography: p. 691-702.
650 0 _aPetroleum industry and trade
_zChina.
_910959
650 0 _aEnergy industries
_zChina.
_910960
650 0 _aEnergy policy
_zChina.
_910961
651 0 _aChina
_xForeign economic relations.
_910962
942 _2ddc
_cBK
999 _c3481
_d3481